Quizzes
Events
Quiz Creation
Community
Videos
Private Events
Remove Ads
Sign In
Join for FREE
Feedback
Dark Mode
Quiz Categories
Sports
Geography
Music
Movies
Television
Just For Fun
Miscellaneous
History
Literature
Language
Science
Gaming
Entertainment
Religion
Holiday
For Kids
Quiz Lab
Recent
Popular Today
Quiz Kudos Today
Editor Picks
Curator Picks
Quizzes by...
Day
Popularity
Type
Ratings
Length
Year
Community
Subscriptions
Recent Discussions
Orange Saloon
Badges
Playlists
Quests
Create
Leaderboards
Showdown
Live 5
Trivia Bingo
Activity
Puzzle Library
Sporcle Events
Private Events
Virtual Trivia
Globe League
Become a Host
Pub Owners
SporcleCon
Opinionation
Our Games
Videos
Blog
Mobile Apps
Partnerships
Remove Ads and Go Orange
Feedback
Language
Vocabulary
Begins and Ends
Definition
Spanish
French
German
Italian
Chinese
Latin
Translation
Japanese
Language
Vocabulary
Begins and Ends
Definition
Spanish
French
German
Italian
Chinese
Latin
Translation
Japanese
Random Quiz
Search Sporcle
×
Quiz Lab
Quiz Lab
Language
French
Type in answers that appear in a list
Type in answers that appear in a list
Classic
Best Score? Go Orange.
Edexcel GCSE French Verbs Stats
Can you name the Edexcel GCSE French Verbs
By
ellis12345
10m
172 Questions
271 Plays
271 Plays
271 Plays
Comments
Comments
Give Quiz Kudos
Give Quiz Kudos
-
- Ratings
hide this ad
More Info
Replay
Link that replays current quiz
Next Quiz
Link to next quiz in quiz playlist
You Got
0%
They Got
Avg Score
37%
Avg Friend Score
Upgrade to see
Score Distribution
Jump to the score distribution portion of the page
Score
0/172
Timer
10:00
0
Plays Today
English Verb
Infinitive
% Correct
to like
aimer
91.5%
to love
adorer
89.3%
to buy
acheter
88.2%
to accept
accepter
86%
to help
aider
85.6%
to drink
boire
85.2%
to eat
manger
83.8%
to have
avoir
83%
to arrive
arriver
80.4%
to finish, to end
finir
77.1%
to live
habiter
75.3%
to change
changer
74.5%
to choose
choisir
74.5%
to speak
parler
74.5%
to learn
apprendre
72.7%
to decide
decider
72.7%
to be
etre
71.6%
to win, to earn
gagner
70.1%
to invite
inviter
69%
to think
penser
67.2%
to listen
ecouter
64.9%
to understand
comprendre
64.2%
to organise
organiser
64.2%
to pass by, to spend (time)
passer
62.4%
to study
etudier
61.3%
to return
retourner
59.8%
to hate
detester
58.7%
to contact
contacter
58.3%
to begin
commencer
57.9%
to write
ecrire
57.6%
to repeat
repeter
57.6%
to believe
croire
57.2%
to stay
rester
57.2%
to close
fermer
56.8%
to sleep
dormir
55.4%
to inform
informer
55.4%
to revise
reviser
55.4%
to climb, to get on
monter
54.6%
to open
ouvrir
54.6%
to call
appeler
53.9%
to snow
neiger
53.9%
to click
cliquer
52.8%
to describe
decrire
52.8%
to leave
partir
52.8%
to prefer
preferer
52.8%
to drive
conduire
52.4%
to laugh
rire
52%
to walk
marcher
51.7%
to put
mettre
51.3%
to note
noter
51.3%
to add
ajouter
50.6%
to wait for
attendre
50.6%
to say
dire
50.6%
to know (be familiar with)
connaitre
49.8%
to use
utiliser
49.8%
to load, to charge
charger
49.1%
to see
voir
49.1%
to reserve
reserver
48.7%
English Verb
Infinitive
% Correct
to light, turn on
allumer
48.3%
to be able to
pouvoir
48%
to give
donner
46.9%
to accompany
accompagner
46.5%
to know (a fact)
savoir
46.1%
to take
prendre
45.8%
to cost
couter
45.4%
to lose
perdre
45.4%
to throw
jeter
45%
to want
vouloir
45%
to enter
entrer
43.9%
to count
compter
43.2%
to miss
manquer
42.1%
to work
travailler
42.1%
to cancel
annuler
41.7%
to introduce
introduire
41.7%
to rent, to hire
louer
41.7%
to live
vivre
41.3%
to order
commander
40.6%
to send
envoyer
40.2%
to visit
visiter
40.2%
to ask
demander
39.9%
to chat
bavarder
38.7%
to hope
esperer
38.7%
to jump
sauter
38%
to save
sauver
38%
to have to
devoir
37.6%
to show
montrer
37.6%
to try
essayer
37.3%
to go down
descendre
36.9%
to enjoy oneself
s'amuser
36.5%
to leave (an object)
laisser
35.8%
to sign
signer
35.8%
to please
plaire
35.4%
to cry
pleurer
35.4%
to receive
recevoir
35.4%
to allow
permettre
34.7%
to succeed
reussir
34.3%
to come
venir
33.9%
to present
presenter
33.2%
to find
trouver
33.2%
to be called
s'appeler
32.8%
to advice
conseiller
32.5%
to answer
repondre
32.5%
to improve
ameliorer
31.4%
to knock, to hit
frapper
31.4%
to phone
telephoner
31.4%
to deserve
meriter
31%
to sell
vendre
29.9%
to discuss
discuter
29.5%
to produce
produire
29.5%
to hear
entendre
29.2%
to park
garer
28.8%
to fall
tomber
28.4%
to forgive
pardonner
27.7%
to push
pousser
27.3%
to research
rechercher
27.3%
to serve
servir
26.6%
English Verb
Infinitive
% Correct
to forge
oublier
26.2%
to touch
toucher
26.2%
to stop
s'arreter
25.8%
to seem
sembler
25.8%
to want, to desire
desirer
24.4%
to go for a walk
se promener
22.5%
to repair
reparer
21.8%
to sit down
s'asseoir
21.4%
to fill
remplir
21%
to steal
voler
21%
to smile
sourire
20.3%
to spend
depenser
19.9%
to follow
suivre
19.6%
to hold
tenir
18.5%
to last
durer
17.3%
to wish
souhaiter
17.3%
to get angry
se facher
15.9%
to give (presents)
offrir
15.5%
to return
rentrer
15.5%
to leave
quitter
15.1%
to stick
coller
14.8%
to regret
regretter
14.8%
to put back
remettre
14.4%
to borrow
emprunter
14%
to prevent
empecher
13.7%
to argue
se disputer
13.3%
to be interested in
s'interesser a
12.9%
to pull
tirer
12.9%
to thanks
remercier
12.5%
to ring
sonner
12.5%
to look like, to resemble
ressembler a
11.4%
to meet
rencontrer
11.1%
to ask a question
poser une question
9.6%
to check
verifier
9.2%
to hurry
se depecher
8.9%
to recommend
recommander
8.5%
to be located
se trouver
8.5%
to replace
remplacer
8.1%
to go wrong, to fail
rater
7.7%
to escape
s'echapper
7%
to avoid, to warn
prevenir
6.6%
to manage
se debrouiller
5.9%
to land
atterrir
5.5%
to go along (in a car)
rouler
5.5%
to surf the internet
surfer sur internet
5.5%
to lend
preter
5.2%
to type
taper
5.2%
to refund
rembourser
4.1%
to look after
s'occuper de
4.1%
to lift the receiver
decrocher
3.7%
to tell
raconter
3.3%
to park
stationner
3.3%
to apply to
s'adresser a
3%
to end
se terminer
3%
to remember
se rappeler
2.6%
to use
se servir de
1.8%
Quiz Playlist
Details
Report
Send in Message
Add To Playlist
More Info:
Can be used to practise French verbs for the exam. Specification: Edexcel.
Classic:
Type in answers that appear in a list
Last Updated: Feb 16, 2017
Quiz Scoreboard
CHALLENGE
Sign Up to Join the Scoreboard
Show All
Scores
Hide
Comments
May contain spoilers
Recently Published
One Thing in Common: World Cities II
by knightlancer
Geography
7m
Popular People in 1961
by mucciniale
History
6m
1-10 Letter E Words III
by El_Dandy
Language
2m
More to Explore
Quiz From the Vault
Featured Blog Post
Where Did the Easter Bunny Come From?
hide this ad
You Might Also Like...
Tags
French Quiz
gcse
Infinitive
Verb
Today's Top Quizzes in Language
Browse Language
hide this ad
Today's Top Quizzes in French
Browse French
Top Contributed Quizzes in Language
1
Order Up: Top 10 Most Native Spoken Languages
2
1-10 Letter F Words III
3
1-10 Letter G Words III
4
One Thing in Common: Italy
5
1-10 Letter H Words III
6
1-10 Letter I Words III
7
Hiragana Speed Reading
8
Begins and Ends With AN
9
Vocabulary 5
10
1-10 Letter J Words III
Explore More
Trending Topics
Marvel
Anime
Harry Potter
NBA
Disney
Crossword
Kpop
WWE
Song
Country
Pokémon
NFL
Puzzle
The Office
Soccer
hide this ad
More By:
ellis12345
Quiz
Plays
Rating
Category
Featured
Created
Edexcel GCSE French Verbs
271
Language
Feb 15, 2014
Go to Creator's Profile
Score Distribution
Quiz Creator Spotlight
ellis12345
Follow
Send a Message
Quizzes Created
-
Created Quiz Play Count
-
More By This Creator
Popular Quizzes Today
1
Find the US States - No Outlines Minefield
2
The Countries of the World
3
Find the Countries of Europe - No Outlines Minefield
4
Popular People in 1961
5
1-10 Letter E Words III
6
Find the US States
7
One Thing in Common: World Cities II
8
US States
More Language Quizzes
-icious or -itious?
Published
Trending Quizzes
Risky Map Clicking: Least Populous States A-Z
1-10 Letter F Words
1-10 Letter G Words
One Thing in Common: United Kingdom
Risky Map Clicking: Next State Alphabetically
Recently Updated
Leaping Animals
pecheneg
Reality TV Shows (A-Z)
bhenderson79
Rickey Henderson's Hall of Fame Teammates
pecheneg
Champions League XIs: Arsenal
pecheneg
Quick Pick: Celebrities in WWE's Hall of Fame
aduchscher
A-Z Keypad Blitz II
pecheneg
Multiple Oscar Actors
pecheneg
Mystery Phrase Blitz: Oscar 'Best Actors'
pecheneg
F. Scott Fitzgerald Novels
LTH
Pick 3 Villains
ddd62291
Trending Topics
Crossword
Harry Potter
Kpop
Disney
Anime
NBA
Marvel
Pokémon
NFL
Song
Country
Puzzle
The Office
Soccer
WWE
Your Account Isn't Verified!
In order to create a playlist on Sporcle, you need to verify the email address you used during registration. Go to your
Sporcle Settings
to finish the process.
Report this User
Report this user for behavior that violates our
Community Guidelines
.
Details:
Send Report
Go to the Sporcle.com Mobile Site →
Comments